000 00306nam a22001337a 4500
008 170522b xxu||||| |||| 00| 0 eng d
020 _a9780131926226
041 _aeng
080 _27 ED
_a94(100)
100 _a16
101 _aSHH
245 _aWORLD CIVILIZATIONS
_cCRAIG.A.M
942 _2udc
_cBK
999 _c13766
_d13766